Statistics for Makeup brands UK

Click here to take the quiz!

General Stats

  • This quiz has been taken 164 times
  • The average score is 6 of 15

Answer Stats

Answer% Correct
MMaybelline
75%
RRimmel
63%
LL’Oréal
58%
MMac
58%
BBenefit
55%
MFMax factor
45%
UUrban decay
38%
RRevlon
34%
Nnyx
32%
CCollection
27%
MRMakeup Revolution
22%
BBarry m
18%
CClinique
17%
Mmua
12%
SSleek
11%

Score Distribution

Percentile by Number Answered

Percent of People with Each Score

Your Score History

You have not taken this quiz